Glee episodes part 1 - Statistics

General Stats
  • This quiz has been taken 37 times
  • The average score is 33 of 66
Answer Stats
season/ episode Answer % Correct
season 1 Pilot
90%
Nationals
83%
Sectionals
83%
Britney/Brittany
72%
New York
72%
Goodbye
69%
Journey
69%
season 3 The Purple Piano Project
69%
Duets
66%
Hell-O
66%
Michael
66%
acafellas
62%
Grilled Cheesus
62%
Mash-up
62%
Preggers
62%
the Power of Madonna
62%
season 2 Audition
59%
Funk
59%
I kissed A girl
55%
Showmance
55%
The First time
55%
The Rocky Horror Glee Show
55%
vitamin D
55%
Never Been Kissed
52%
On my Way
52%
Prom-asaurus
52%
Silly Love Songs
52%
Theatricality
52%
A Very Glee Christmas
48%
Blame it on the Alcohol
48%
Dance With Somebody
48%
Hairography
48%
I Am Unicorn
48%
Mattress
48%
Saturday Night Glee-ver
48%
The Substitute
48%
Asian F
45%
Furt
45%
Mash Off
45%
Original song
45%
Prom Queen
45%
Sexy
45%
The Sue Sylvester Shuffle
45%
Yes/No
45%
Big Brother
41%
Born this way
41%
Funeral
41%
Heart
41%
Home
41%
Laryngitis
41%
Rumors
41%
the Rhodes not taken
41%
Wheels
41%
Bad Reputation
38%
Choke
38%
Pot O Gold
38%
The Spanish Teacher
38%
Dream On
34%
Hold on to Sixteen
34%
Special education
34%
Throwdown
34%
A Night of Neglect
31%
Ballads
31%
Comeback
28%
Extraordinary Merry Christmas
28%
Props
28%
No matching quizzes found
Score Distribution
Percent of People with Each Score
Percentile by Number Answered
Your Score History
You have not taken this quiz